000 00280nam a22001097a 4500
020 _a9788126136568
082 _a631.587
_bCHO/IR
100 _aChoudhary, Dewasish
245 _aIrrigation theory and practice
260 _aNew Delhi
_bAnmol Publications Pvt. Ltd
_c2008
942 _cBK
999 _c13763
_d13763